|
|
|
|
| LEADER |
00000cam a2200000 7i4500 |
| 001 |
0000008423 |
| 002 |
000009181 |
| 005 |
20000330.0 |
| 020 |
|
|
|a 983925538X
|
| 090 |
0 |
0 |
|a 297.1
|b PAN
|
| 245 |
0 |
0 |
|a Panduan berkeluarga
|c disusun oleh Maryam Shafie ; disemak oleh Ahmad baie Jaafar
|
| 260 |
|
|
|a Kuala Lumpur :
|b Karya One Sdn.Bhd. ,
|c 1995
|
| 300 |
|
|
|a 91p. ;
|c 18cm.
|
| 650 |
0 |
0 |
|a Family life in Islam
|
| 700 |
0 |
|
|a Ahmad Baei Jaafar
|
| 700 |
0 |
|
|a Maryam Shafie
|
| 999 |
|
|
|a 047346
|b BUKU
|c PINJAMAN
|e PERPUSTAKAAN KOMUNITI PETALING JAYA
|
| 999 |
|
|
|a 048594
|b BUKU
|c PINJAMAN
|e PERPUSTAKAAN KOMUNITI PETALING JAYA
|